Taking the fear out of economies
| Main Author: | |
|---|---|
| Format: | Book |
| Published: |
London :
Business Press ,
2000
|
| Edition: | 1st ed. |
| Subjects: |
MARC
| LEADER | 00000cam a2200000 7i4500 | ||
|---|---|---|---|
| 001 | 0000015854 | ||
| 005 | 20050921.0 | ||
| 020 | |a 181524749 | ||
| 040 | |a INS | ||
| 090 | 0 | 0 | |a HB172 |b C87 2000 |
| 100 | 1 | |a Curran, John | |
| 245 | 1 | 0 | |a Taking the fear out of economies |c John Curran |
| 250 | |a 1st ed. | ||
| 260 | |a London : |b Business Press , |c 2000 | ||
| 300 | |a xxiv : |b 289p. ; |c 25cm. | ||
| 650 | 0 | 0 | |a Microeconomics |
| 999 | |a 0000015652 |b BOOK |c Open Shelf |e Default branch | ||